Music Quiz

Random Music or Kpop Quiz

Which member in BTS said this Quiz Stats

 Plays Quiz not verified by Sporcle

Also try: Famous Trio Bands
Challenge
Share
Tweet
Embed
Score 0/33 Timer 12:00
0 Plays Today
hint Answer % Correct
InfiresSuga
98.2%
Jimin got no jamsRap Monster
93.8%
Excuse me Jimin
90.9%
I hate snakeu J-hope
89.4%
You like this chain? 3 dollar Suga
89.1%
Oh Man Holy **** Jungkook
88.2%
International playboyJungkook
88.2%
I rap like Jay-z Jin
87.1%
English is not a barrier when you're cute as me Jimin
84.5%
Pardon Jungkook
84%
TonyyyJimin
81.8%
Wake me up when it's over Suga
81.4%
I'm sexy like a porn star Rap monster
81%
I wish I could come here with my girlfriend but I don't have one Jin
80.9%
I'm good. I'm doneJungkook
79.8%
Jhope & Rap monster the ugly team Suga
79%
What the hell Jimin
78.8%
hint Answer % Correct
I've eaten 2130 more bowls of rice Jimin
78%
My specialty is rolling around in bed on our days off. I'm really good at it suga
77.3%
Oh my god Jungkook
76.2%
See that door? It's wide open for you to leave Suga
74.2%
I saw Jungkook with a vacuum sucking a the fruit flies Rap monster
74.2%
**** down V
73.3%
Jimin is stupid V
72.7%
My sexy voice and sick beats can make girls cry Rap monster
72.7%
Turn up let's go party V
72.6%
I heard that Jimin has no friends Jin
72.1%
Give me your time please V
71.2%
He's a horse Jin
70.7%
Yo! I just ate my lunch but I can't digest itV
68.6%
I'm so hungry I could eat a horse and the horse is Jhope Rap monster
68.2%
Quit playing all hard to get before I kick you V
66.3%
All trouble start with me and ends with me V
64.9%

You're not logged in!

Compare scores with friends on all Sporcle quizzes.
Join for Free
OR
Log In

You Might Also Like...

Show Comments

Extras

Created Mar 29, 2016ReportNominate
Tags:Kpop Quiz, BTS, Kpop Quiz

Top Quizzes Today


Score Distribution

Your Account Isn't Verified!

In order to create a playlist on Sporcle, you need to verify the email address you used during registration. Go to your Sporcle Settings to finish the process.

Report this User

Report this user for behavior that violates our Community Guidelines.

Details: